Từ điển bách khoa lịch sử khoa học và công nghệ
Sparad:
| Materialtyp: | Bok |
|---|---|
| Språk: | Undetermined |
| Publicerad: |
H.
KHKT
2003
|
| Ämnen: | |
| Taggar: |
Lägg till en tagg
Inga taggar, Lägg till första taggen!
|
| Thư viện lưu trữ: | Trung tâm Học liệu Trường Đại học Cần Thơ |
|---|
| LEADER | 00456nam a2200169Ia 4500 | ||
|---|---|---|---|
| 001 | CTU_54296 | ||
| 008 | 210402s9999 xx 000 0 und d | ||
| 020 | |b 295000 | ||
| 082 | |a 603 | ||
| 082 | |b T550 | ||
| 245 | 0 | |a Từ điển bách khoa lịch sử khoa học và công nghệ | |
| 260 | |a H. | ||
| 260 | |b KHKT | ||
| 260 | |c 2003 | ||
| 650 | |a technology | ||
| 650 | |x dictionaries | ||
| 980 | |a Trung tâm Học liệu Trường Đại học Cần Thơ | ||